[Event "10th OGD Prinsenstad 2017"]
[Site "Delft NED"]
[Date "2017.04.16"]
[Round "5.3"]
[White "De Jong,M"]
[Black "Lahaye,R"]
[Result "1-0"]
[WhiteElo "2329"]
[BlackElo "2367"]

1.e4 c5 2.Nf3 a6 3.g3 Nc6 4.Bg2 g6 5.O-O Bg7 6.c3 d5 7.exd5 Qxd5 8.Nd4 Qd6
9.Nxc6 bxc6 10.d4 cxd4 11.cxd4 Be6 12.Bf4 Qd7 13.Nc3 Nf6 14.Be5 Bh3 15.Na4
Bxg2 16.Kxg2 Qd5+ 17.Qf3 O-O 18.Rfc1 Ng4 19.Bxg7 Kxg7 20.Nb6 Qxd4 21.Nxa8 Ne5
22.Qc3 Qe4+ 23.f3 Qe2+ 24.Kh1 f6 25.Re1 Qf2 26.Qe3 {#r} 1-0

[Event "10th OGD Prinsenstad 2017"]
[Site "Delft NED"]
[Date "2017.04.16"]
[Round "5.4"]
[White "Lai,Hing Ting"]
[Black "Reinderman,D"]
[Result "0-1"]
[WhiteElo "2392"]
[BlackElo "2576"]

1.Nf3 c5 2.c4 Nc6 3.Nc3 g6 4.g3 Bg7 5.Bg2 e5 6.O-O Nge7 7.d3 d6 8.a3 O-O 9.Rb1
a5 10.Ne1 Be6 11.Nc2 d5 12.cxd5 Nxd5 13.Ne3 Nde7 14.Nc4 Rb8 15.Nb5 b6 16.Bd2
Qd7 17.Qc1 Nd4 18.Nxd4 cxd4 19.b4 Rfc8 20.Qb2 a4 21.Rfc1 Nd5 22.Rc2 Nc3
23.Bxc3 dxc3 24.Qc1 Qd4 25.e3 Qxd3 26.Rxc3 Qd7 27.b5 e4 28.Rc2 f5 29.Bf1 Bf8
30.Ne5 Rxc2 31.Qxc2 Qd5 32.Nc6 Ra8 33.Qc3 Qc5 34.Qf6 Bb3 35.Rxb3 axb3 36.Ne5
b2 37.Qe6+ Kg7 38.Qf7+ Kh6 {#R} 0-1

[Event "10th OGD Prinsenstad 2017"]
[Site "Delft NED"]
[Date "2017.04.16"]
[Round "5.5"]
[White "Van Kerkhof,D"]
[Black "Hortensius,L"]
[Result "1-0"]
[WhiteElo "2337"]
[BlackElo "2161"]

1.e4 c5 2.Nf3 e6 3.d4 cxd4 4.Nxd4 Nc6 5.Nc3 Qc7 6.g3 a6 7.Bg2 Nf6 8.O-O Be7
9.Re1 d6 10.Nxc6 bxc6 11.e5 dxe5 12.Rxe5 O-O 13.Bf4 Rd8 14.Rd5 Rxd5 15.Nxd5
Qb7 16.Nxe7+ Qxe7 17.Bxc6 Ra7 18.Qd4 Nd5 19.Rd1 h6 20.Bb8 Rb7 21.Bxb7 Bxb7
22.c4 Nf6 23.Qd8+ Qxd8 24.Rxd8+ Kh7 25.Be5 {#r} 1-0

[Event "10th OGD Prinsenstad 2017"]
[Site "Delft NED"]
[Date "2017.04.16"]
[Round "5.6"]
[White "Van Dijk,Ha"]
[Black "Polak,Alexander"]
[Result "1-0"]
[WhiteElo "2272"]
[BlackElo "2138"]

1.e4 c6 2.Nc3 d5 3.Nf3 Bg4 4.h3 Bxf3 5.Qxf3 e6 6.d4 Nf6 7.Bd3 dxe4 8.Nxe4 Nbd7
9.c3 Nxe4 10.Bxe4 Nf6 11.Bc2 Qd5 12.Qg3 O-O-O 13.O-O Bd6 14.f4 g6 15.b4 Bc7
16.Qd3 Bb6 17.Bd2 Qf5 18.Rad1 Nd5 19.Kh1 a5 20.a3 Kc7 21.bxa5 Bxa5 22.c4 Qxd3
23.Bxa5+ b6 24.Rxd3 {#r} 1-0

[Event "10th OGD Prinsenstad 2017"]
[Site "Delft NED"]
[Date "2017.04.16"]
[Round "5.7"]
[White "Kokje,Joris"]
[Black "Tabak,S"]
[Result "0-1"]
[WhiteElo "2187"]
[BlackElo "2260"]

1.d4 d5 2.c4 e6 3.Nf3 f5 4.g3 Nf6 5.Bg2 c6 6.O-O Bd6 7.b3 Qe7 8.a4 O-O 9.Ba3
Bxa3 10.Nxa3 Bd7 11.Nc2 Be8 12.Nce1 Bh5 13.Ne5 Nbd7 14.N1d3 Nxe5 15.Nxe5 Rad8
16.c5 Ng4 17.Nd3 Qf6 18.h3 Nh6 19.Ne5 f4 20.b4 Nf7 21.Nxf7 Rxf7 22.Qd2 e5
23.gxf4 exf4 24.Ra3 Qh4 25.Kh2 Re8 26.Bf3 Bg6 27.b5 Bf5 28.Bg2 Rfe7 29.bxc6
bxc6 30.Re1 g5 31.Kg1 Kh8 32.Rb3 Qh6 33.Qb2 Qg7 34.Rb8 h5 35.Rxe8+ Rxe8 36.Qd2
Qd7 37.Kh2 Qc7 38.Kg1 Kh7 39.a5 g4 40.hxg4 hxg4 41.f3 Rg8 42.fxg4 Rxg4 43.Kf2
Rxg2+ 44.Kxg2 Qg7+ {#R} 0-1

[Event "10th OGD Prinsenstad 2017"]
[Site "Delft NED"]
[Date "2017.04.16"]
[Round "5.8"]
[White "Henseler,J"]
[Black "Nguyen,Kevin"]
[Result "1-0"]
[WhiteElo "2050"]
[BlackElo "2143"]

1.e4 c5 2.Nf3 d6 3.d4 cxd4 4.Nxd4 Nf6 5.Nc3 g6 6.Be3 Bg7 7.f3 Nc6 8.Qd2 O-O
9.Bc4 Bd7 10.O-O-O Rb8 11.Bb3 Na5 12.Kb1 b5 13.Bh6 Nc4 14.Bxc4 bxc4 15.Bxg7
Kxg7 16.h4 Qb6 17.b3 h5 18.g4 Qc5 19.g5 Ng8 20.f4 Rfc8 21.Nde2 a5 22.Qd4+ Kf8
23.Qxc5 Rxc5 24.Rd4 Bc6 25.Rhd1 Ke8 26.Kb2 Rb4 27.Nd5 Rb7 28.Ne3 Bb5 29.Nc3
Ba6 30.e5 cxb3 31.cxb3 Rd7 32.Ne4 Rc6 33.exd6 Kf8 34.f5 exd6 35.f6 Ke8 {#r}
1-0

[Event "10th OGD Prinsenstad 2017"]
[Site "Delft NED"]
[Date "2017.04.16"]
[Round "6.2"]
[White "Van Kerkhof,D"]
[Black "Bekker,Stefan"]
[Result "1-0"]
[WhiteElo "2337"]
[BlackElo "2310"]

1.e4 c5 2.Nf3 d6 3.d4 cxd4 4.Nxd4 Nf6 5.Nc3 a6 6.Be3 e5 7.Nf3 Be7 8.Bc4 O-O
9.O-O Be6 10.Qe2 Nc6 11.Rfd1 Qc7 12.Bb3 Na5 13.Bg5 Nc4 14.Bxf6 Bxf6 15.Bxc4
Bxc4 16.Qd2 Rfd8 17.Nd5 Bxd5 18.Qxd5 Rac8 19.Rd2 Qc4 20.c3 b5 21.Rad1 h6
22.Qxc4 Rxc4 23.Rxd6 Rxd6 24.Rxd6 Rxe4 25.Kf1 Ra4 26.a3 Kf8 27.Rb6 Ke7 28.Ne1
Kd7 29.Rb7+ Ke6 30.Nd3 Be7 31.Ke2 Bd6 32.Nb4 e4 33.Rb6 f5 34.Nxa6 Ke7 35.h3 g5
36.Nb4 Bf4 37.Nd5+ Kf7 38.Rxb5 {#r} 1-0

[Event "10th OGD Prinsenstad 2017"]
[Site "Delft NED"]
[Date "2017.04.16"]
[Round "6.7"]
[White "Polak,Alexander"]
[Black "Lai,Hing Ting"]
[Result "0-1"]
[WhiteElo "2138"]
[BlackElo "2392"]

1.e4 g6 2.d4 Bg7 3.Nf3 d6 4.Nc3 a6 5.Be3 b5 6.a3 Bb7 7.Bd3 Nd7 8.Ne2 Ngf6
9.Ng3 c5 10.c3 O-O 11.h3 Re8 12.O-O e5 13.dxe5 Nxe5 14.Nxe5 Rxe5 15.Bf4 Re6
16.Re1 Qb6 17.Qd2 Rae8 18.Rad1 h5 19.f3 d5 20.Bg5 c4+ 21.Be3 Qc7 22.Bf4 Qc5+
23.Be3 Qe7 24.Bb1 dxe4 25.f4 h4 26.Ne2 Nd5 27.Nd4 Nxe3 28.Rxe3 Rf6 29.f5 gxf5
30.Qf2 f4 {#R} 0-1

[Event "18th ch-EUR Indiv w 2017"]
[Site "Riga LAT"]
[Date "2017.04.16"]
[Round "6.3"]
[White "Dzagnidze,N"]
[Black "Atalik,E"]
[Result "1-0"]
[WhiteElo "2528"]
[BlackElo "2429"]

1.Nf3 d5 2.c4 e6 3.b3 d4 4.e3 c5 5.exd4 cxd4 6.g3 Nc6 7.Bg2 Nf6 8.O-O Be7
9.Re1 O-O 10.Ba3 Re8 11.d3 a5 12.Bxe7 Rxe7 13.Ne5 Nxe5 14.Rxe5 Qc7 15.Rb5 Ra7
16.b4 axb4 17.Nd2 e5 18.Rxb4 h6 19.a4 Nd7 20.Rab1 Nc5 21.Ne4 Nxe4 22.Bxe4 g6
23.Qf3 f5 24.Bd5+ Kg7 25.h4 h5 26.Qd1 Qd7 27.Rb5 f4 28.a5 Qh3 29.Bg2 Qg4
30.Bf3 Qh3 31.Qe1 e4 32.Bg2 Qd7 33.Bxe4 Qc7 34.f3 fxg3 35.Kg2 Bd7 36.Rg5 Bf5
37.Rb5 Bxe4 38.fxe4 Qf4 39.Qxg3 Qd2+ 40.Qf2 Qxf2+ 41.Kxf2 Ra6 42.Rb6 Rxb6
43.axb6 Re6 44.c5 {#r} 1-0

[Event "18th ch-EUR Indiv w 2017"]
[Site "Riga LAT"]
[Date "2017.04.16"]
[Round "6.8"]
[White "Girya,O"]
[Black "Tsolakidou,Stavroula"]
[Result "1-0"]
[WhiteElo "2470"]
[BlackElo "2395"]

1.d4 Nf6 2.c4 e6 3.Nc3 Bb4 4.Qc2 Nc6 5.Nf3 d6 6.Bd2 e5 7.a3 Bxc3 8.Bxc3 Qe7
9.d5 Nb8 10.g3 a5 11.b3 a4 12.b4 b5 13.Bg2 bxc4 14.Nd2 Bb7 15.e4 c6 16.Nxc4
O-O 17.Ne3 cxd5 18.exd5 Ba6 19.Qxa4 Qb7 20.Qc2 Nbd7 21.a4 Rfc8 22.Rc1 Qc7
23.b5 Bb7 24.O-O Nb6 25.Qd2 Rxa4 26.Bxe5 Qd8 27.Rxc8 Bxc8 28.Bd4 Bd7 29.Rb1
Ne8 30.Be4 Ra8 31.Qd3 h6 32.Nc2 Nf6 33.Bg2 Nc8 34.b6 Rb8 35.b7 Ne7 36.Ba7 Bf5
37.Qc4 Nd7 38.Bxb8 Qxb8 39.Rb2 Nc5 40.Nd4 Bd3 41.Qb4 {#r} 1-0

[Event "18th ch-EUR Indiv w 2017"]
[Site "Riga LAT"]
[Date "2017.04.16"]
[Round "6.10"]
[White "Hoang Thanh Trang"]
[Black "Michna,Mart"]
[Result "1-0"]
[WhiteElo "2459"]
[BlackElo "2389"]

1.d4 d6 2.e4 Nf6 3.Nc3 e5 4.Nf3 Nbd7 5.Bc4 Be7 6.O-O O-O 7.Re1 a6 8.a4 b6
9.Bg5 Bb7 10.Qd2 c6 11.dxe5 Nxe5 12.Bb3 Nxf3+ 13.gxf3 Nd7 14.Bxe7 Qxe7 15.Rad1
Ne5 16.Qe3 Qh4 17.Kg2 Ng6 18.Ne2 d5 19.Kh1 Rae8 20.Qxb6 Rxe4 21.fxe4 Qxe4+
22.f3 Qxf3+ 23.Kg1 Nh4 24.Qf2 Qg4+ 25.Qg3 Qe4 26.Nd4 {#r} 1-0

[Event "18th ch-EUR Indiv w 2017"]
[Site "Riga LAT"]
[Date "2017.04.16"]
[Round "6.11"]
[White "Ovod,E"]
[Black "Javakhishvili,L"]
[Result "0-1"]
[WhiteElo "2382"]
[BlackElo "2456"]

1.d4 g6 2.c4 Bg7 3.Nc3 c5 4.d5 d6 5.e4 e6 6.Bd3 Ne7 7.h4 a6 8.h5 exd5 9.exd5
Bf5 10.Be2 gxh5 11.Rxh5 Bg6 12.Rh3 Nd7 13.Bh6 Bxh6 14.Rxh6 Nf5 15.Rh3 Nd4
16.Kf1 Ne5 17.b3 Qf6 18.Qd2 O-O 19.Re1 Rae8 20.Bd1 b5 21.cxb5 axb5 22.a4 bxa4
23.Nxa4 Qf5 24.Nb2 Rb8 25.Ne2 Rb4 26.Ng3 Qd7 27.f4 Nef3 28.Qf2 Nxe1 29.Kxe1
Nf5 30.Bc2 Re8+ 31.Kd2 Nd4 32.f5 Nxb3+ 33.Kc3 Qe7 34.Bxb3 Reb8 35.Bc2 Qe5+
36.Kd2 Rxb2 37.Kc1 Rxc2+ 38.Qxc2 Qe1+ 39.Qd1 Rb1+ 40.Kxb1 Qxd1+ {#R} 0-1

[Event "18th ch-EUR Indiv w 2017"]
[Site "Riga LAT"]
[Date "2017.04.16"]
[Round "6.15"]
[White "Sandu,Mi"]
[Black "Kashlinskaya,A"]
[Result "0-1"]
[WhiteElo "2261"]
[BlackElo "2426"]

1.e4 e5 2.Nf3 Nc6 3.Bc4 Bc5 4.d3 Nf6 5.Bb3 d6 6.c3 a6 7.O-O Ba7 8.Nbd2 O-O
9.h3 h6 10.Re1 Re8 11.Nf1 Be6 12.Bc2 d5 13.exd5 Bxd5 14.Ng3 Qd7 15.Be3 Bxe3
16.Rxe3 Re7 17.Qe2 Rae8 18.a4 a5 19.Re1 g6 20.Ne4 Nh5 21.Nh4 Kg7 22.Qd1 b6
23.Ng3 Nf6 24.d4 Kg8 25.Ngf5 gxf5 26.Nxf5 e4 27.Rg3+ Kh7 28.Nxe7 Nxe7 29.c4
Bb7 30.Rf3 Kg7 31.Rg3+ Kh8 32.d5 Nf5 33.Rc3 c6 34.dxc6 Qxc6 35.Qe2 Rg8 36.Bd1
e3 37.f3 Rg3 38.Qd3 Qc5 39.Kh1 Qe5 40.Qd8+ Rg8 41.Qxb6 Rxg2 42.Kxg2 Qg3+
43.Kh1 Qxe1+ {#R} 0-1

[Event "18th ch-EUR Indiv w 2017"]
[Site "Riga LAT"]
[Date "2017.04.16"]
[Round "6.32"]
[White "Mkrtchian,L"]
[Black "Travkina,A"]
[Result "1-0"]
[WhiteElo "2425"]
[BlackElo "2287"]

1.Nf3 d5 2.c4 c6 3.g3 dxc4 4.Bg2 Nf6 5.O-O g6 6.a4 Bg7 7.Na3 O-O 8.Nxc4 Be6
9.d3 Na6 10.a5 Qc8 11.Qb3 Re8 12.Ng5 Nc5 13.Qc2 Bd5 14.e4 Be6 15.d4 Na6 16.Bf4
Nh5 17.Be3 Rd8 18.Nxe6 Qxe6 19.Rfd1 Nf6 20.h3 Nb4 21.Qb3 c5 22.d5 Qc8 23.Rac1
Nd7 24.e5 Qb8 25.e6 fxe6 26.dxe6 Ne5 27.Rxd8+ Qxd8 28.Nxe5 Bxe5 29.Rxc5 Bd6
30.Qxb4 Bxc5 31.Qxc5 b6 32.Qe5 Qd1+ 33.Kh2 Rd8 34.axb6 axb6 35.Bxb6 Rd6 36.Bc5
{#r} 1-0

[Event "18th ch-EUR Indiv w 2017"]
[Site "Riga LAT"]
[Date "2017.04.16"]
[Round "6.34"]
[White "Ziaziulkina,N"]
[Black "Fuchs,Ju"]
[Result "1-0"]
[WhiteElo "2387"]
[BlackElo "2274"]

1.e4 c6 2.Nc3 d5 3.Nf3 Nf6 4.e5 Ne4 5.Ne2 Qb6 6.d4 e6 7.Ng3 Nxg3 8.hxg3 c5
9.Ng5 Nc6 10.Qh5 Qc7 11.Nxh7 Rxh7 12.Qxh7 cxd4 13.Bf4 Bd7 14.Qg8 O-O-O 15.Qxf7
Bb4+ 16.Kd1 g5 17.a3 gxf4 18.gxf4 d3 19.Bxd3 Bc5 20.Ke2 Qb6 21.b4 Bxf2 22.Rh3
Bd4 23.Rd1 Bb2 24.g4 Bxa3 25.g5 Bxb4 26.Rdh1 Nd4+ 27.Kf1 Be8 28.Qh7 Qc5 29.g6
Qc3 30.Qh4 Qd2 31.g7 Bf7 32.Qf2 Qc3 33.Rh8 Bg8 34.Rxg8 Rxg8 35.Rh8 Qa1+ 36.Kg2
Be1 37.Rxg8+ Kc7 38.Rc8+ Kb6 39.g8=Q {#r} 1-0

[Event "18th ch-EUR Indiv w 2017"]
[Site "Riga LAT"]
[Date "2017.04.16"]
[Round "6.36"]
[White "Pavlidou,E"]
[Black "Yildiz,B"]
[Result "0-1"]
[WhiteElo "2180"]
[BlackElo "2367"]

1.d4 Nf6 2.c4 e6 3.Nf3 b6 4.a3 Bb7 5.Nc3 d5 6.cxd5 Nxd5 7.Qc2 Nd7 8.e4 Nxc3
9.bxc3 c5 10.Bd3 Qc7 11.O-O cxd4 12.cxd4 Qxc2 13.Bxc2 Rc8 14.Ba4 a6 15.Re1 b5
16.Bb3 Be7 17.Bb2 O-O 18.Rad1 Rfd8 19.Nd2 Nb6 20.f4 Bf6 21.Nb1 Nc4 22.Ba1 Na5
23.Ba2 Rc2 24.Bc3 Rxa2 25.Bxa5 Rxd4 26.Bc3 Rxd1 27.Rxd1 Bxe4 28.Bxf6 gxf6
29.Nc3 Rxg2+ 30.Kf1 Bb7 31.Rd8+ Kg7 32.Rd7 Rc2 33.Ne2 Bd5 34.Nd4 Bc4+ 35.Kg1
Ra2 36.f5 exf5 37.Nxf5+ Kg6 38.Ne7+ Kg5 39.Rd4 f5 40.h4+ Kf6 41.Ng8+ Ke5 {#R}
0-1

[Event "18th ch-EUR Indiv w 2017"]
[Site "Riga LAT"]
[Date "2017.04.16"]
[Round "6.41"]
[White "Gara,T"]
[Black "Drljevic,L"]
[Result "1-0"]
[WhiteElo "2325"]
[BlackElo "2237"]

1.e4 g6 2.d4 Bg7 3.Nc3 Nc6 4.Be3 d5 5.Nxd5 e6 6.Nc3 Nxd4 7.f4 Ne7 8.Nb5 Nec6
9.c3 Nxb5 10.Qxd8+ Nxd8 11.Bxb5+ c6 12.Bc4 e5 13.fxe5 Be6 14.Bxe6 Nxe6 15.Nf3
O-O 16.O-O-O Rfe8 17.Rd7 b6 18.Rhd1 h6 19.a4 Bf8 20.Kc2 c5 21.Nd2 Nd8 22.Nc4
Nc6 23.Bf4 Re6 24.Rc7 Rae8 25.Nd6 Nxe5 26.Nxe8 Rxe8 27.Bxe5 Rxe5 28.Rd8 Kg7
29.Kd3 Be7 30.Rdd7 Kf6 31.Rxa7 c4+ 32.Kxc4 Rxe4+ 33.Kd3 Re6 34.Rxe7 Rxe7
35.Rxe7 Kxe7 36.b4 Kd6 37.Kd4 f5 38.a5 bxa5 39.bxa5 g5 40.c4 {#r} 1-0

[Event "18th ch-EUR Indiv w 2017"]
[Site "Riga LAT"]
[Date "2017.04.16"]
[Round "6.42"]
[White "Grapsa,G"]
[Black "Malakhova,Elizaveta"]
[Result "0-1"]
[WhiteElo "2049"]
[BlackElo "2324"]

1.d4 e6 2.c4 f5 3.g3 Nf6 4.Bg2 Be7 5.Nh3 O-O 6.O-O d6 7.Nc3 e5 8.b3 a5 9.f3
Na6 10.e3 Qe8 11.Ba3 Nb4 12.Qd2 Qh5 13.Nf2 Qh6 14.f4 e4 15.g4 Qg6 16.Kh1 Nxg4
17.Nxg4 Qxg4 18.Bxb4 axb4 19.Nd5 Bd8 20.Qxb4 Ra6 21.c5 dxc5 22.Qxc5 Rh6
23.Ne7+ Bxe7 24.Qxe7 Qg3 25.h3 Rg6 26.Rg1 c6 27.Rad1 Be6 28.Qxb7 Bf7 29.Qb4
Qxe3 30.Qd2 Qg3 31.Rde1 Qh4 32.Kh2 Rg3 33.Ref1 Rd3 34.Qc1 Bd5 35.Rd1 Qg3+
36.Kh1 Rf3 37.Rdf1 e3 38.Qe1 Qxh3+ {#R} 0-1

[Event "18th ch-EUR Indiv w 2017"]
[Site "Riga LAT"]
[Date "2017.04.16"]
[Round "6.44"]
[White "Galojan,L"]
[Black "Utiatskaja,Irina"]
[Result "1-0"]
[WhiteElo "2290"]
[BlackElo "2152"]

1.d4 Nf6 2.c4 g6 3.Nc3 Bg7 4.e4 d6 5.f3 O-O 6.Be3 c5 7.Nge2 Nc6 8.d5 Ne5 9.Ng3
h5 10.Be2 h4 11.Nf1 e6 12.h3 exd5 13.cxd5 Nh7 14.f4 Nd7 15.Nd2 Bd4 16.Nc4 b5
17.Bxd4 cxd4 18.Nxb5 Ba6 19.Nbxd6 d3 20.Qxd3 Nc5 21.Qd4 Bxc4 22.Nxc4 Nxe4
23.Qxe4 Re8 24.Qd3 Qe7 25.d6 Qe6 26.Ne5 {#r} 1-0

[Event "18th ch-EUR Indiv w 2017"]
[Site "Riga LAT"]
[Date "2017.04.16"]
[Round "6.47"]
[White "Caglar,Sila"]
[Black "Gvetadze,Sopi"]
[Result "0-1"]
[WhiteElo "2093"]
[BlackElo "2292"]

1.e4 g6 2.d4 Bg7 3.Nc3 c6 4.Bc4 b5 5.Bb3 b4 6.Qf3 e6 7.Nce2 d5 8.e5 c5 9.c3
Nd7 10.Nh3 cxd4 11.cxd4 Nb6 12.Nhf4 f6 13.Nd3 a5 14.Bd1 fxe5 15.dxe5 Nc4
16.Bf4 Ne7 17.b3 Nb6 18.Bg5 Nd7 19.Qe3 Nf5 20.Qf4 Qc7 21.Rc1 Nxe5 22.Nb2 Qf7
23.g4 Nd6 24.Nd4 h6 25.Qxf7+ Nexf7 26.Be3 e5 27.Nc6 Bb7 28.Na4 d4 29.Bd2 Rc8
30.Bf3 e4 31.Nxa5 Rxc1+ 32.Bxc1 exf3 33.Bd2 O-O 34.O-O Ba6 35.Rc1 Re8 36.Bxb4
Ne4 37.Nc6 Nfg5 38.h4 Nh3+ 39.Kh2 Nhxf2 {#R} 0-1

[Event "18th ch-EUR Indiv w 2017"]
[Site "Riga LAT"]
[Date "2017.04.16"]
[Round "6.49"]
[White "Hapala,L"]
[Black "Ozturk,Ku"]
[Result "0-1"]
[WhiteElo "2091"]
[BlackElo "2261"]

1.e4 e5 2.Nf3 Nc6 3.Bb5 a6 4.Ba4 Nf6 5.O-O b5 6.Bb3 Be7 7.Re1 d6 8.c3 O-O 9.h3
Nb8 10.d4 Nbd7 11.Nbd2 Bb7 12.Bc2 Re8 13.b3 Bf8 14.Bb2 c5 15.d5 g6 16.a4 Qb6
17.Qe2 Reb8 18.Reb1 Ne8 19.Bd3 Nc7 20.Bc1 Bc8 21.Nh2 Nf6 22.Qf3 Nce8 23.Ndf1
Bd7 24.Ne3 Qd8 25.Neg4 Nxg4 26.Nxg4 Qh4 27.Bf1 f5 28.exf5 gxf5 29.Ne3 Ng7
30.g3 Qf6 31.Bd3 Be7 32.Bc2 Rf8 33.Kh2 e4 34.Qg2 f4 35.Ng4 Bxg4 36.hxg4 e3
37.fxe3 Qh6+ 38.Kg1 fxe3 39.Bf5 Nxf5 40.gxf5 Rxf5 41.g4 Rf2 42.Qg3 Bg5 43.Rb2
Raf8 {#R} 0-1

[Event "18th ch-EUR Indiv w 2017"]
[Site "Riga LAT"]
[Date "2017.04.16"]
[Round "6.51"]
[White "Komiagina,M"]
[Black "Krumina,L"]
[Result "1-0"]
[WhiteElo "2247"]
[BlackElo "2090"]

1.e4 c5 2.Nf3 e6 3.d4 cxd4 4.Nxd4 Nf6 5.Nc3 Nc6 6.Nxc6 dxc6 7.Bd3 e5 8.h3 Bc5
9.f4 Qe7 10.Qf3 Nd7 11.f5 b5 12.Bd2 a5 13.Ne2 a4 14.g4 Bb4 15.c3 Ba5 16.b4
axb3 17.axb3 Bb7 18.b4 Bc7 19.Rxa8+ Bxa8 20.O-O Qd6 21.Be1 Nb6 22.Bf2 Na4
23.Bc2 Bb6 24.Rd1 Qc7 25.f6 g6 26.c4 h5 27.c5 Ba7 28.Rd6 h4 29.Qa3 Bb7 30.Qa1
Bb8 31.Qxe5+ Kf8 32.Qd4 {#r} 1-0

[Event "18th ch-EUR Indiv w 2017"]
[Site "Riga LAT"]
[Date "2017.04.16"]
[Round "6.53"]
[White "Kantane,Anna"]
[Black "Baptista,A"]
[Result "1-0"]
[WhiteElo "2230"]
[BlackElo "2071"]

1.e4 c5 2.Nf3 e6 3.d4 cxd4 4.Nxd4 Nf6 5.Nc3 d6 6.g4 h6 7.h4 Nc6 8.g5 hxg5
9.Bxg5 Qb6 10.Nb3 Bd7 11.Qd2 Ne5 12.Rh3 Rc8 13.O-O-O Rxc3 14.Qxc3 Nxe4 15.Qe1
Nxg5 16.hxg5 Rxh3 17.Bxh3 Nf3 18.Qe2 Nxg5 19.Bg2 Bc6 20.f4 Bxg2 21.fxg5 Bh3
22.Nd4 e5 23.Qh5 Bg2 24.g6 Bd5 25.Nf5 Be6 26.gxf7+ Bxf7 27.Qh8 d5 28.Nxg7+ Ke7
29.Nf5+ Ke8 30.Qxe5+ Kd7 31.Kb1 Qf2 32.Ne3 Bd6 33.Qd4 Bg6 34.Qxd5 {#r} 1-0

[Event "18th ch-EUR Indiv w 2017"]
[Site "Riga LAT"]
[Date "2017.04.16"]
[Round "6.57"]
[White "Movileanu,Daniela"]
[Black "Gundogan,Sinem Cagla"]
[Result "0-1"]
[WhiteElo "2213"]
[BlackElo "1885"]

1.e4 e5 2.Nf3 Nc6 3.Bb5 a6 4.Ba4 Nf6 5.O-O b5 6.Bb3 Be7 7.d4 d6 8.dxe5 Nxe5
9.Nxe5 dxe5 10.Qxd8+ Bxd8 11.Be3 Bb7 12.f3 Be7 13.Nd2 c5 14.c4 O-O 15.Rac1
Rfd8 16.Rfd1 Nd7 17.Nf1 b4 18.a3 a5 19.Ba4 Nf8 20.Kf2 Ne6 21.g3 Nd4 22.Bd2 f5
23.exf5 Bxf3 24.Re1 Bf6 25.Bc2 Nxc2 26.Rxc2 e4 27.Be3 b3 28.Rd2 Bd4 29.h3 a4
30.Rb1 Ra7 31.Nh2 Bxe3+ 32.Kxe3 Rxd2 33.Kxd2 Rd7+ 34.Ke3 Rd3+ 35.Kf4 Bg2
36.Ng4 Rf3+ 37.Ke5 Bxh3 38.Rd1 h5 39.Rd8+ Kh7 {#R} 0-1

[Event "18th ch-EUR Indiv w 2017"]
[Site "Riga LAT"]
[Date "2017.04.16"]
[Round "6.58"]
[White "Maklakova,Nellija"]
[Black "Isgandarova,K"]
[Result "0-1"]
[WhiteElo "1829"]
[BlackElo "2211"]

1.e4 e6 2.d4 d5 3.Nd2 c5 4.exd5 Qxd5 5.dxc5 Bxc5 6.Ngf3 Nf6 7.Bd3 Nc6 8.a3 O-O
9.O-O e5 10.Bc4 Qd6 11.h3 e4 12.Ne1 e3 13.fxe3 Bxe3+ 14.Kh1 Ne4 15.Rf3 Bxd2
16.Bd3 Bxc1 17.Rxc1 Qd4 18.Qe2 Nf6 19.c3 Qh4 20.Re3 Ng4 21.Re8 Nf2+ 22.Kg1
Nxd3 23.Rxf8+ Kxf8 24.Qxd3 Qg5 25.Rd1 Bf5 26.Qd6+ Kg8 27.Qc5 Re8 28.g4 Re5
29.Qf2 Bxg4 {#R} 0-1

[Event "18th ch-EUR Indiv w 2017"]
[Site "Riga LAT"]
[Date "2017.04.16"]
[Round "6.60"]
[White "Makka,I"]
[Black "Paramzina,A"]
[Result "1-0"]
[WhiteElo "2069"]
[BlackElo "2202"]

1.e4 c5 2.Nf3 d6 3.d4 cxd4 4.Nxd4 Nf6 5.Nc3 a6 6.g3 e5 7.Nde2 Be7 8.Bg2 O-O
9.a4 Be6 10.Nd5 Nxd5 11.exd5 Bf5 12.a5 Nd7 13.O-O Rc8 14.Nc3 Rc5 15.h4 Rxa5
16.Rxa5 Qxa5 17.g4 Bxc2 18.Qxc2 Bxh4 19.Qf5 Nc5 20.g5 Qb4 21.Ne4 Nxe4 22.Bxe4
g6 23.Qg4 f5 24.Bxf5 Bxf2+ 25.Kg2 Qc5 26.Be6+ Kg7 27.Qe2 {#r} 1-0

[Event "ch-DEN 2017"]
[Site "Skorping DEN"]
[Date "2017.04.16"]
[Round "9.2"]
[White "Rasmussen,A"]
[Black "Carstensen,J"]
[Result "1-0"]
[WhiteElo "2533"]
[BlackElo "2381"]

1.e4 c5 2.Nf3 d6 3.Bb5+ Nd7 4.O-O Nf6 5.Re1 a6 6.Bd3 b5 7.c4 Ne5 8.Bf1 Nxc4
9.a4 Bd7 10.d4 cxd4 11.Nxd4 e5 12.axb5 axb5 13.Rxa8 Qxa8 14.Nxb5 Bxb5 15.Nc3
Bc6 16.Bxc4 Be7 17.Bg5 Nxe4 18.Bxe7 Kxe7 19.Nd5+ Bxd5 20.Bxd5 Nxf2 21.Kxf2
Qa7+ 22.Kf1 Rb8 23.b3 Rb4 24.Bc4 {#r} 1-0

[Event "TV2 GM Open 2017"]
[Site "Fagernes NOR"]
[Date "2017.04.16"]
[Round "9.5"]
[White "Blomqvist,E"]
[Black "Wallace,JP"]
[Result "1-0"]
[WhiteElo "2548"]
[BlackElo "2404"]

1.Nf3 Nf6 2.g3 d5 3.Bg2 c6 4.O-O Bg4 5.h3 Bh5 6.d4 e6 7.c4 Nbd7 8.cxd5 exd5
9.Nh4 Ne4 10.Nc3 Nd6 11.Bf4 Be7 12.Bxd6 Bxd6 13.Nf5 Qf6 14.g4 Bg6 15.e4 Bxf5
16.e5 Qh4 17.exd6 Be6 18.f4 Nb6 19.f5 Bd7 20.Na4 O-O 21.Nc5 Bc8 22.b3 Qf6
23.Qd2 Rd8 24.Rae1 h6 25.a4 Nd7 26.Ne6 Re8 27.Nc7 Rxe1 28.Rxe1 Rb8 29.Qf4 Kh7
30.Re7 Kg8 31.Nxd5 cxd5 32.Bxd5 Nb6 33.Bxf7+ Qxf7 34.Rxf7 Kxf7 35.a5 Nd7
36.Qe4 Nf6 37.Qe7+ Kg8 38.Qd8+ Kh7 39.h4 Nd7 40.g5 hxg5 41.hxg5 {#r} 1-0

[Event "TV2 IM 2017"]
[Site "Fagernes NOR"]
[Date "2017.04.16"]
[Round "9.4"]
[White "Getz,N"]
[Black "Niemi,K"]
[Result "1-0"]
[WhiteElo "2403"]
[BlackElo "2337"]

1.Nf3 Nf6 2.c4 e6 3.g3 d5 4.d4 dxc4 5.Bg2 a6 6.O-O Nc6 7.e3 Rb8 8.Nfd2 e5
9.Bxc6+ bxc6 10.dxe5 Ng4 11.Nxc4 Be6 12.Nbd2 Bb4 13.Qe2 h5 14.Nf3 h4 15.e4
hxg3 16.hxg3 f6 17.Rd1 Qe7 18.Nd4 g5 19.Nxe6 Qxe6 20.Ne3 Nxe5 21.Nf5 Qf7
22.Qf1 Kf8 23.Qg2 Qh5 24.Be3 Qg4 25.Nd4 Rh3 26.Rf1 Kf7 27.f3 Qh5 28.Nf5 g4
29.fxg4 Nxg4 30.Bd4 c5 31.Bxf6 Nxf6 32.e5 Rh8 33.Nh4 Qxe5 34.Qxh3 Qe3+ 35.Kh2
c4 36.Qd7+ Kg8 37.Qc8+ Ne8 38.Qg4+ Ng7 39.Qxc4+ Ne6 40.Qxb4 Qe2+ 41.Kh1 {#r}
1-0

[Event "TV2 Elo Open 2017"]
[Site "Fagernes NOR"]
[Date "2017.04.16"]
[Round "9"]
[White "Mansoor,Afras"]
[Black "Mjaaland,Bendik"]
[Result "1-0"]
[WhiteElo "2037"]
[BlackElo "1536"]

1.d4 Nf6 2.Bg5 Ne4 3.Bf4 d5 4.e3 Bf5 5.f3 Nf6 6.c4 e6 7.Nc3 c5 8.Qa4+ Qd7
9.Nb5 Na6 10.cxd5 Nxd5 11.Nd6+ Bxd6 12.Bb5 {#r} 1-0

[Event "TV2 Elo Open 2017"]
[Site "Fagernes NOR"]
[Date "2017.04.16"]
[Round "9"]
[White "Gressli,Kristoffer"]
[Black "Nesheim,Mathias"]
[Result "0-1"]
[WhiteElo "1752"]
[BlackElo "1996"]

1.d4 d5 2.c4 c6 3.Nc3 Nf6 4.Nf3 a6 5.g3 Bf5 6.Bg2 e6 7.O-O Be7 8.cxd5 cxd5
9.Nh4 Bg6 10.Nxg6 hxg6 11.e4 dxe4 12.Nxe4 Nd5 13.Nc3 Nc6 14.Nxd5 exd5 15.Qb3
O-O 16.Qxb7 Nxd4 17.Qxd5 Qxd5 18.Bxd5 Rab8 19.Rb1 Ne2+ 20.Kg2 Nc3 21.bxc3 Rxb1
22.Ba3 Rxf1 23.Bxe7 Rc1 24.Bxf8 Kxf8 25.c4 Rc2 26.a4 Ke7 27.h4 Rb2 28.a5 Ra2
29.Bb7 Rxa5 30.c5 Ra3 31.Bd5 Rc3 32.c6 a5 33.Kf1 Rc5 {#R} 0-1

[Event "TV2 Elo Open 2017"]
[Site "Fagernes NOR"]
[Date "2017.04.16"]
[Round "9"]
[White "Lindbol,Aleksander"]
[Black "Johansen,Ka"]
[Result "1-0"]
[WhiteElo "1971"]
[BlackElo "1929"]

1.c4 c5 2.Nc3 Nc6 3.Nf3 Nf6 4.d4 cxd4 5.Nxd4 d6 6.e4 e6 7.Be3 Be7 8.Be2 O-O
9.Qd2 Bd7 10.O-O a6 11.Rac1 Rc8 12.Rfd1 Ne5 13.b3 Neg4 14.Bg5 Qc7 15.Bxg4 Nxg4
16.Bxe7 d5 17.e5 dxc4 18.Bxf8 Rxf8 19.bxc4 Nxe5 20.Qf4 f6 21.Ne4 Qa5 22.Nf3
Nxf3+ 23.Qxf3 Bc6 24.Qe3 Qxa2 25.Nd6 e5 26.Qh3 e4 27.Qe6+ Kh8 28.Nf7+ Kg8
29.Nh6+ Kh8 30.Qg8+ Rxg8 31.Nf7# 1-0